000 00674nam a2200241Ia 4500
003 OSt
005 20220928130651.0
006 a|||||r|||| 00| 0
007 ta
008 220927b |||||||| |||| 00| 0 eng d
024 _a51358
037 _cTextual
040 _aSDCL
_cSDCL
_beng
041 _2eng
_aeng
082 _aV41:19(zP)'M3, M4
100 _aSegal Gerald Ed.
_9475370
245 0 _aChinese defence policy
260 _aLondon
_bMacmillan Press
_c1984
300 _axxii,286p
_ccm.
700 _a Tom William T Ed.
_9475371
942 _hV41:19(zP)'M3, M4
_cTEXL
_2CC
999 _c787888
_d787888